|
|
|
|
| LEADER |
00000nam a2200000 a 4500 |
| 001 |
vtls008859028 |
| 003 |
SK-MaSNL |
| 005 |
20260301191149.0 |
| 008 |
251112s1575 gw 0 0 lat |
| 015 |
|
|
|a SNBHFA
|
| 035 |
|
|
|a cpl000119797
|
| 040 |
|
|
|a SNKHF
|b slo
|c SNKHF
|e rda
|
| 041 |
0 |
|
|a lat
|
| 044 |
|
|
|a gw
|c DE
|
| 072 |
|
7 |
|a 2-23/-27
|x Biblia. Biblistika
|2 konspekt
|
| 080 |
|
|
|a 2-27
|2 2011
|
| 080 |
|
|
|a 2-1
|2 2011
|
| 100 |
1 |
|
|a Selnecker, Nikolaus,
|d 1530-1592
|4 aut
|9 170795
|
| 245 |
1 |
0 |
|a Evangeliorvm Et Epistolarvm, Dominicalivm, Explicationis. A Dominica Quadragesimae siue Inuocauit, vsque ad Resurrectionis diem solennem: continens Historiam Passionis Domini nostri Iesu Christi. D. CIJ IJLXXIV
|n Pars Secvnda
|c Avtore Nicolao Selneccero
|
| 264 |
|
3 |
|a Francofvrti
|b [tlačiar nie je známy]
|c MDLXXV (1575)
|
| 300 |
|
|
|a 362 strán
|c 8°
|c 18 x 12 cm
|
| 336 |
|
|
|a text
|b txt
|2 rdacontent
|
| 337 |
|
|
|a bez média
|b n
|2 rdamedia
|
| 338 |
|
|
|a zväzok
|b nc
|2 rdacarrier
|
| 500 |
|
|
|a Vineta, kustódy
|
| 501 |
|
|
|a Príväzok 1.: SELNECKER, Nikolaus: Epistolarvm Et Evangeliorvm Dispositio. - Francofurti Ad Moenum. [1575]. 8°.
|5 SNK ID 65359/2/prív.1
|
| 510 |
4 |
|
|a BMC - German 807
|
| 546 |
|
|
|a Latinčina
|b Kurzíva
|
| 561 |
|
|
|a Proveniencia: supralibros [...] N I - pečiatka Nyitravármegyei múzeum. - Dr .Kubinyi Lajos konyveibol. - Sum Joannis Nostitij Lipst.
|5 SNK ID 65359/2/prív.1
|
| 563 |
|
|
|a Väzba: renesančná, kožená s figurálnou slepotlačou.
|5 SNK ID 65359/2
|
| 650 |
0 |
7 |
|a biblistika
|2 SNKPH
|9 1798
|
| 650 |
0 |
7 |
|a teológia
|2 SNKPH
|9 1814
|
| 700 |
1 |
|
|a Nosticius, Ján
|4 fmo
|9 567390
|
| 700 |
0 |
|
|a N.I.
|4 fmo
|9 567391
|
| 700 |
1 |
|
|a Kubinyi, Lajos
|4 fmo
|9 436121
|
| 710 |
0 |
|
|a Nyitravármegyei Muzeum
|4 fmo
|9 348815
|
| 752 |
|
|
|a Nemecko
|d Frankfurt nad Mohanom
|
| 852 |
|
|
|a snk
|h ID 65359/2
|
| 958 |
|
|
|a DA
|
| 958 |
|
|
|a ONDV
|
| 999 |
|
|
|c 870100
|d 872030
|
| 952 |
|
|
|t Tlače 16. storočia
|a SNK
|b SNK
|c SNK_HF
|y PREZ
|7 0
|p 17A1359146
|o snkID 65359/2
|i snkF 307/76
|0 0
|1 0
|4 0
|d 2021-07-30
|f 1
|l 0
|r 2026-02-24 05:39:41
|w 2026-02-24
|